Counties that Start with M - Statistics

General Stats
  • This quiz has been taken 131 times
  • The average score is 103 of 295
Answer Stats
County State % Correct
Madison Alabama | Arkansas | Florida | +17 others
89%
Monroe Alabama | Arkansas | Florida | +14 others
82%
Montgomery Alabama | Arkansas | Georgia | +15 others
64%
Macon Alabama | Georgia | Illinois | +3 others
57%
Martin Florida | Indiana | Kentucky | +3 others
57%
Moore North Carolina | Tennessee | Texas
54%
Miller Arkansas | Georgia | Missouri
50%
Mason Illinois | Kentucky | Michigan | +3 others
46%
Morris Kansas | New Jersey | Texas
46%
Marion Alabama | Arkansas | Florida | +14 others
43%
Marin California
39%
Miami Indiana | Kansas | Ohio
39%
Morrison Minnesota
39%
Medina Ohio | Texas
36%
Miami-Dade Florida
36%
Middlesex Connecticut | Massachusetts | New Jersey | Virginia
36%
Mississippi Arkansas | Missouri
36%
Mobile Alabama
36%
Morgan Alabama | Colorado | Georgia | +8 others
36%
Morton Kansas | North Dakota
36%
Mercer Illinois | Kentucky | Missouri | +5 others
32%
Miner South Dakota
32%
Mitchell Georgia | Iowa | Kansas | +2 others
32%
Montmorency Michigan
32%
Marshall Alabama | Illinois | Indiana | +9 others
29%
Merrimack New Hampshire
29%
Macomb Michigan
25%
Madera California
25%
Mariposa California
25%
Marquette Michigan | Wisconsin
25%
Mathews Virginia
25%
Maui Hawaii
25%
McDonald Missouri
25%
Mendocino California
25%
Menominee Michigan | Wisconsin
25%
Merced California
25%
Midland Michigan | Texas
25%
Mills Iowa | Texas
25%
Mineral Colorado | Montana | Nevada | West Virginia
25%
Monterey California
25%
Montrose Colorado
25%
Murray Georgia | Minnesota | Oklahoma
25%
Manatee Florida
21%
Manistee Michigan
21%
Maricopa Arizona
21%
McHenry Illinois | North Dakota
21%
McIntosh Georgia | North Dakota | Oklahoma
21%
McLean Illinois | Kentucky | North Dakota
21%
Meade Kansas | Kentucky | South Dakota
21%
Mecklenburg North Carolina | Virginia
21%
Mesa Colorado
21%
Milwaukee Wisconsin
21%
Missaukee Michigan
21%
Missoula Montana
21%
McKinley New Mexico
18%
McPherson Kansas | Nebraska | South Dakota
18%
Modoc California
18%
Monmouth New Jersey
18%
Mono California
18%
Montcalm Michigan
18%
Muskegon Michigan
18%
Muskingum Ohio
18%
Marathon Wisconsin
14%
Marinette Wisconsin
14%
Maverick Texas
14%
Mayes Oklahoma
14%
McDowell North Carolina | West Virginia
14%
McKean Pennsylvania
14%
Meagher Montana
14%
Meeker Minnesota
14%
Meigs Ohio | Tennessee
14%
Menifee Kentucky
14%
Mora New Mexico
14%
Morrow Ohio | Oregon
14%
Multnomah Oregon
14%
Mackinac Michigan
11%
Magoffin Kentucky
11%
Mahoning Ohio
11%
Major Oklahoma
11%
Manassas Virginia
11%
Massac Illinois
11%
McCracken Kentucky
11%
McKenzie North Dakota
11%
McLeod Minnesota
11%
McMinn Tennessee
11%
McNairy Tennessee
11%
Mecosta Michigan
11%
Mifflin Pennsylvania
11%
Mohave Arizona
11%
Montague Texas
11%
Montezuma Colorado
11%
Morrill Nebraska
11%
Mower Minnesota
11%
Muscatine Iowa
11%
Muscogee Georgia
11%
Macoupin Illinois
7%
Mahaska Iowa
7%
Mahnomen Minnesota
7%
Malheur Oregon
7%
Manitowoc Wisconsin
7%
Maries Missouri
7%
Marlboro South Carolina
7%
Martinsville Virginia
7%
Matanuska-Susitna Alaska
7%
McCone Montana
7%
McCreary Kentucky
7%
McCurtain Oklahoma
7%
McLennan Texas
7%
McMullen Texas
7%
Merrick Nebraska
7%
Milam Texas
7%
Millard Utah
7%
Mille Lacs Minnesota
7%
Mingo West Virginia
7%
Minnehaha South Dakota
7%
Moffat Colorado
7%
Moniteau Missouri
7%
Morehouse Louisiana
7%
Muskogee Oklahoma
7%
Musselshell Montana
7%
Marengo Alabama
4%
Matagorda Texas
4%
Maury Tennessee
4%
McClain Oklahoma
4%
McCook South Dakota
4%
McCormick South Carolina
4%
McCulloch Texas
4%
McDonough Illinois
4%
McDuffie Georgia
4%
Menard Illinois | Texas
4%
Meriwether Georgia
4%
Metcalfe Kentucky
4%
Minidoka Idaho
4%
Monona Iowa
4%
Monongalia West Virginia
4%
Moultrie Illinois
4%
Muhlenberg Kentucky
4%
Manassas Park Virginia
0%
Mellette South Dakota
0%
Montour Pennsylvania
0%
Moody South Dakota
0%
Motley Texas
0%
Mountrail North Dakota
0%
No matching quizzes found
Score Distribution
Percent of People with Each Score
Percentile by Number Answered
Your Score History
You have not taken this quiz